| 000 | 01179cad a22002415a 4500 | ||
|---|---|---|---|
| 001 | E148825 | ||
| 008 | 091111s2009 xxk f l s000 0 eng d | ||
| 035 | _a(Sirsi) u148825 | ||
| 041 | 0 | _aeng | |
| 050 | 0 | 4 | _a627.4 $2 18 |
| 110 | 2 |
_aScotland _kLaws, etc |
|
| 245 | 0 | 0 |
_aFlood Risk Management (Scotland) Act 2009 _h[electronic resource] |
| 260 |
_aLondon _bOPSI _c2009 |
||
| 505 | 2 | _aGeneral duty, directions and guidance -- Principal expressions -- Flood risk assessment, maps and plans -- Flood risk management: local authority functions -- SEPA: other flood risk management functions -- Powers of entry and compensation -- Reservoirs -- General -- | |
| 520 | _aRelates to flood risk assessment and management, and makes provision for or in connection with implementing the EC Floods Directive. | ||
| 521 | _aAdvanced | ||
| 590 | _aKA | ||
| 650 | 2 | 4 | _aFLOOD RISK MANAGEMENT (SCOTLAND) ACT 2009 |
| 651 | 4 |
_aScotland _y1999- |
|
| 690 | _aENVIRONMENTAL AND LAND CONSULTANCY-WATER RESOURCE MANAGEMENT-FLOODING | ||
| 856 | 4 | 0 |
_uhttps://www.opsi.gov.uk/legislation/scotland/acts2009/asp_20090006_en_1 _zView the legislation free of charge at www.opsi.gov.uk... |
| 942 | _n0 | ||
| 999 |
_c110246 _d110246 |
||